000 00919nam a22001697a 4500
003 JO-AjAnu
005 20260420071017.0
008 260420b jo ||||| |||| 00| 0 ara d
040 _aANU
_cJO-AjAnu
041 _hARA
100 _aالمومني، ميس شوقي
_eمعد
_966958
245 _aاثر التنوع في مجلس الإدارة على العلاقة بين المحاسبة الخضراء والربحية في الشركات الصناعية الأردنية = The Effect of Board Diversity on the Relationship Between Green Accounting and Profitability in Jordanian Industrial Companies
_c / ميس شوقي المومني؛ اشراف احمد ابراهيم كراجة
260 _aعجلون:
_bجامعة عجلون الوطنية؛
_c2026
650 _vالشركات-محاسبة-الأردن
_964715
700 _aكراجه، احمد ابراهيم
_964987
_eمشرف
942 _2lcc
_cTHS
_n0
999 _c34184
_d34184